[Event "Araraquara op"]
[Site "Araraquara"]
[Date "2023.02.21"]
[Round "6.45"]
[White "Oishi Sobrinho, Eurico Da Silva"]
[Black "Santana, Expedito"]
[Result "0-1"]
[WhiteElo "1800"]
[BlackElo "1403"]
[PlyCount "62"]
[EventDate "2023.02.19"]
[EventType "swiss"]
[EventRounds "6"]
[EventCountry "BRA"]
[SourceTitle "CBM 213 Extra"]
[Source "ChessBase"]
[SourceDate "2023.05.31"]
[SourceVersion "1"]
[SourceVersionDate "2023.05.31"]
[SourceQuality "1"]

1. e4 c6 2. Nc3 d5 3. Nf3 dxe4 4. Nxe4 Nd7 5. Bd3 Ngf6 6. Nxf6+ Nxf6 7. 0-0 Bg4 8. h3 Bh5 9. Re1 Qd5 10. Be2 e6 11. d3 h6 12. Nh2 Bxe2 13. Qxe2 Be7 14. Ng4 0-0 15. Nxf6+ Bxf6 16. Qg4 Kh8 17. Re4 Rg8 18. Qg3 Rad8 19. Rb4 b6 20. Qc7 Rd7 21. Qg3 c5 22. Rg4 Rgd8 23. a4 a5 24. Ra3 Be5 25. Qh4 Bf6 26. Bg5 Bxg5 27. Qh5 g6 28. Rxg5 Qxg5 29. Qxg5 hxg5 30. Rb3 Rb8 31. d4 cxd4 0-1